[Event "RUS-ch Youth U21 Boys 2018"]
[Site "Loo"]
[Date "2018.04.20"]
[Round "1"]
[White "Paravyan, David"]
[Black "Triapishko, Alexandr"]
[Result "1-0"]
[WhiteElo "2614"]
[BlackElo "2509"]
[Annotator "TA"]
[PlyCount "69"]
[EventDate "2018.??.??"]
[EventType "tourn"]
[EventCountry "RUS"]
[SourceTitle "playchess.com"]
[Source "ChessBase"]
[SourceQuality "1"]

{[%evp 18,69,56,34,58,64,71,45,43,50,65,65,64,19,70,77,85,64,72,15,129,133,141,145,142,142,204,164,296,298,299,293,420,419,629,621,627,629,625,608,619,612,715,713,704,701,840,803,775,639,1668,620,1260,-1051]} 1. d4 Nf6 2. c4 g6 3. Nc3 Bg7 4. e4 d6 5. h3 O-O 6. Be3 c5 7. Nf3 cxd4 8. Nxd4 b6 {E90: King's Indian: Classical: Early deviations and 6 h3} 9. Qd2 Bb7 10. f3 {LiveBook: 3 Games} Nc6 {White is slightly better.} 11. O-O-O Ne5 12. Kb1 Rc8 13. b3 a6 14. Be2 e6 15. g4 {[#]} Qc7 $146 (15... d5 $11) ({Predecessor:} 15... Qe7 16. h4 {0-1 (49) Svane,R (2587)-Saric,I (2657) Batumi 2018}) 16. Rc1 $1 $14 Rfd8 17. Rhd1 Qe7 18. h4 ({White should play} 18. Bg5 $16) 18... Nexg4 (18... d5 $1 $11) 19. fxg4 $16 {aiming for Bf3.} Nxe4 20. Nxe4 Bxe4+ 21. Bd3 Qb7 (21... Bxd3+ $16 {was called for.} 22. Qxd3 Qxh4) 22. Qc2 Bf3 (22... Bxd3 {is a better defense.} 23. Qxd3 d5) 23. Nxf3 $18 Qxf3 24. Qf2 ({Stronger than} 24. Bxb6 Qf6 $15) 24... Qb7 (24... Qxf2 $142 25. Bxf2 Rb8) 25. Bxb6 d5 (25... Re8 $142 26. g5 d5) 26. Bxd8 {White is clearly winning.} Rxd8 27. cxd5 exd5 28. Qf4 {[#] Hoping for Rc7.} Qe7 29. g5 Qa3 {[%csl Gg7][%cal Ra3b2]} 30. Rc2 a5 31. Qc7 Qf8 32. Rdc1 Re8 33. Qd7 {[#] Black must now prevent Rc8.} Re7 34. Qc8 a4 35. Qc4 $4 {[%mdl 40960] Precision: White = 58%, Black = 33%. . Loss on Time!?} (35. Qh3 $18) 1-0

[Event "RUS-ch Youth U21 Boys 2018"]
[Site "Loo"]
[Date "2018.04.20"]
[Round "1"]
[White "Sarana, Alexey"]
[Black "Vavulin, Maksim"]
[Result "1-0"]
[WhiteElo "2556"]
[BlackElo "2569"]
[Annotator "TA"]
[PlyCount "69"]
[EventDate "2018.??.??"]
[EventType "tourn"]
[EventCountry "RUS"]
[SourceTitle "playchess.com"]
[Source "ChessBase"]
[SourceQuality "1"]

{[%evp 18,69,44,42,48,37,72,67,73,76,77,83,68,75,159,124,125,124,110,75,116,112,108,111,102,101,147,102,106,115,108,101,103,100,155,110,118,113,198,202,200,197,208,209,211,208,210,210,212,206,511,509,498,498]} 1. d4 Nf6 2. c4 e6 3. Nf3 b6 4. g3 Ba6 5. Qc2 d5 6. cxd5 {E15: Queen's Indian: 4 g3 sidelines, 4 g3 Ba6 and 4 g3 Bb7 early deviations} exd5 7. Nc3 Be7 (7... c6 8. Bg2 Be7 9. O-O O-O 10. Rd1 Bb7 11. e4 Nxe4 12. Nxe4 dxe4 13. Ne5 f6 14. Qc4+ Qd5 15. Bxe4 Qxc4 16. Nxc4 Na6 17. Bf4 Rfd8 {½-½ (45) Seirawan,Y (2643)-Karpov,A (2615) Saint Louis 2012}) 8. Bg2 O-O 9. O-O Bb7 10. Bf4 {LiveBook: 4 Games} Na6 11. a3 c5 12. Rfd1 Qc8 $146 ({Predecessor:} 12... Nc7 13. Be5 Rc8 {½-½ (27) Gutman,L (2488)-Oberhofer,M (2217) Bad Woerishofen 2000}) 13. Be5 Ne4 14. dxc5 Bxc5 15. e3 Re8 (15... f6 $142) 16. Nxd5 Qf5 17. b4 Bf8 18. Nc3 (18. Rac1 {is more complex.} Rac8 19. Qb1 Rxc1 20. Qxc1 Rd8 21. Qc4) 18... Nxg3 19. Qxf5 Nxf5 20. Bf4 h6 21. Nb5 Rad8 22. Nfd4 Bxg2 23. Kxg2 Nxd4 24. Rxd4 Rxd4 25. exd4 Rd8 (25... g5 $142) 26. Rd1 Rd7 27. Rc1 {[#] Strongly threatening Rc8.} Rd5 (27... g5 $16 {keeps fighting.}) 28. Nxa7 $18 {And now b5 would win.} Rxd4 29. Be3 Rd3 30. Rc8 f6 31. b5 Rxa3 32. Bxb6 Kf7 33. Nc6 Bd6 $2 {[#]} (33... Ra2 {is more resistant.} 34. bxa6 Rxa6) 34. Ra8 Rb3 35. Nd4 {Precision: White = 81%, Black = 42%.} ({Less strong is} 35. bxa6 Rxb6 36. Rd8 Rxc6 $16) (35. Rxa6 Rxb5 36. Be3 Bc5 $18) 1-0

[Event "RUS-ch Youth U21 Boys 2018"]
[Site "Loo"]
[Date "2018.04.20"]
[Round "1"]
[White "Lomasov, Semen"]
[Black "Drygalov, Andrey"]
[Result "1-0"]
[WhiteElo "2536"]
[BlackElo "2434"]
[Annotator "TA"]
[PlyCount "103"]
[EventDate "2018.??.??"]
[EventType "tourn"]
[EventCountry "RUS"]
[SourceTitle "playchess.com"]
[Source "ChessBase"]
[SourceQuality "1"]

{[%evp 25,103,20,25,17,17,16,29,10,39,31,38,19,66,70,66,60,76,20,18,36,74,61,84,81,68,74,87,67,100,114,120,105,100,104,98,101,103,54,118,125,110,117,127,127,145,145,186,172,170,177,199,206,186,179,320,300,358,356,358,349,358,358,358,331,341,341,365,365,357,309,374,359,29954,29950,6771,6119,6514,6147,6195,5775]} 1. e4 e5 2. Nf3 Nc6 3. Bb5 a6 4. Ba4 Nf6 5. O-O Be7 6. Re1 b5 7. Bb3 O-O 8. h3 Bb7 9. d3 d5 {C88: Closed Ruy Lopez: Anti-Marshall Systems} 10. exd5 Nxd5 11. Nxe5 Nd4 12. Bd2 c5 13. Nc3 Nxb3 {LiveBook: 5 Games} 14. axb3 Nb4 15. Ne4 Qd5 16. Nf3 {[#]} Nc6 $146 ({Predecessor:} 16... Rfe8 17. Bxb4 cxb4 {½-½ (35) Howell,D (2633)-Adams,M (2734) London 2011}) 17. Bf4 Rfe8 18. Re2 Nd4 19. Nxd4 cxd4 20. f3 f5 21. Nf2 (21. Ng3 $1 $16) 21... Bb4 $11 22. Rc1 Qf7 23. c3 Rxe2 24. Qxe2 Re8 25. Qd2 Bf8 26. c4 Qe6 27. Kf1 Kf7 28. Re1 Qxe1+ 29. Qxe1 Rxe1+ 30. Kxe1 $16 {[%mdl 4096] Endgame KBB-KBN} Ke6 31. Ke2 Bc6 (31... Be7 $14) 32. h4 Be7 33. g3 h6 34. Nh3 Bd8 35. Bb8 g5 {[#]} 36. hxg5 $1 hxg5 37. f4 g4 {[#]} 38. Ng1 $1 Bb6 39. Be5 bxc4 (39... Bg2 $142 40. Ke1 Kd7) 40. bxc4 $18 Ba4 41. b4 Bc6 42. Kf2 a5 43. bxa5 Bxa5 44. Ne2 (44. Bxd4 Kd6 $18) 44... Bd7 45. Bxd4 ({Weaker is} 45. Nxd4+ Kf7 $18) 45... Kd6 46. Ke3 Bd8 47. Bb2 Ba5 48. Bc3 Bxc3 $2 (48... Bb6+ $18 49. d4 Ke6) 49. Nxc3 Kc5 {[#]} 50. Nb5 $1 {White is clearly winning.} Bc6 (50... Bxb5 51. cxb5) 51. Nd4 Bd7 52. Nc2 {Precision: White = 85%, Black = 31%.} 1-0

[Event "RUS-ch Youth U21 Boys 2018"]
[Site "Loo"]
[Date "2018.04.20"]
[Round "1"]
[White "Lobanov, Sergei"]
[Black "Ofitserian, Boris"]
[Result "1/2-1/2"]
[WhiteElo "2481"]
[BlackElo "2418"]
[Annotator "TA"]
[PlyCount "94"]
[EventDate "2018.??.??"]
[EventType "tourn"]
[EventCountry "RUS"]
[SourceTitle "playchess.com"]
[Source "ChessBase"]
[SourceQuality "1"]

{[%evp 17,94,36,27,25,36,31,78,55,91,81,93,96,87,84,107,93,126,44,64,55,90,18,21,16,16,17,18,0,18,0,0,0,0,0,0,0,8,-10,0,0,0,0,0,0,-6,0,-22,-22,-14,-22,-20,-20,-19,-20,0,-17,-22,-22,-22,-22,-20,-17,-21,-25,-8,-9,0,-8,-8,-8,-8,-8,0,-8,-8,-8,-8,-11,222]} 1. e4 c5 2. Nf3 d6 3. d4 cxd4 4. Nxd4 Nf6 5. Nc3 a6 6. Bg5 Nbd7 7. f4 g6 {B94: Sicilian Najdorf: 6 Bg5 Nbd7} (7... Qc7 8. Be2 e6 9. O-O Be7 10. Kh1 b5 11. Bf3 Bb7 12. Bxf6 Nxf6 13. e5 dxe5 14. fxe5 Nd7 15. Bxb7 Qxb7 {½-½ (65) Azarov,S (2582)-Fedoseev,V (2690) Minsk 2017}) 8. Qe2 Bg7 9. O-O-O O-O {LiveBook: 15 Games. White is slightly better.} 10. g3 Qc7 11. Bg2 e5 $146 {[#]} ({Predecessor:} 11... Rb8 12. Kb1 e5 13. Nf3 b5 14. Rhe1 b4 15. Nd5 Nxd5 16. exd5 f6 17. Bh4 Nc5 18. Qc4 a5 19. fxe5 fxe5 20. Qe2 a4 21. b3 axb3 22. axb3 Ra8 {0-1 (22) Cizinsky,P (2178)-Kraus,T (2197) Czechia 2011}) 12. Nb3 $1 Nb6 13. f5 h6 {[#]} 14. Bxf6 $1 Bxf6 15. h4 Kg7 16. Bh3 Qc6 17. Nd5 ({White should try} 17. Kb1 $16) 17... Nxd5 $14 18. Rxd5 b6 19. fxg6 (19. Rhd1 $16) 19... fxg6 $11 20. Bxc8 Raxc8 21. Kb1 Be7 22. c3 (22. Rc1 {keeps more tension.} b5 23. Qe3 Qb7 24. Nd2 Rc7 25. Qe2) 22... Qc4 23. Qxc4 Rxc4 24. Nd2 Rcc8 25. Rh2 Kf7 26. Kc2 Ke6 27. Kd3 Rf7 28. Ke2 Rcf8 29. Rd3 b5 30. Rf3 Rxf3 31. Nxf3 {[%mdl 4096] Endgame KRB-KRN} d5 32. exd5+ Kxd5 33. Rh1 Bc5 34. Rd1+ Ke6 35. b3 Bb6 36. Nd2 Rf2+ 37. Kd3 Kf5 {Threatens to win with ...e4+!} 38. Re1 g5 39. hxg5 hxg5 40. a4 bxa4 41. bxa4 {The position is equal.} Ba7 42. g4+ Kxg4 {White should prevent ...Kf4.} 43. Rxe5 Rf6 44. Ne4 Rg6 45. Ra5 Kf4 {White must now prevent ...g4.} 46. Nxg5 Rxg5 47. Rxa6 Ke5 $2 {Precision: White = 55%, Black = 51%.} (47... Bg1 $11) 1/2-1/2

[Event "RUS-ch Youth U21 Boys 2018"]
[Site "Loo"]
[Date "2018.04.20"]
[Round "1"]
[White "Khanin, Semen"]
[Black "Yeletsky, Ivan"]
[Result "1/2-1/2"]
[WhiteElo "2468"]
[BlackElo "2430"]
[Annotator "TA"]
[PlyCount "130"]
[EventDate "2018.??.??"]
[EventType "tourn"]
[EventCountry "RUS"]
[SourceTitle "playchess.com"]
[Source "ChessBase"]
[SourceQuality "1"]

{[%evp 26,130,62,58,67,55,56,43,68,68,68,56,54,5,19,10,28,39,50,42,48,35,38,44,46,34,42,42,83,18,12,27,29,13,37,0,0,0,0,-13,39,49,66,0,51,12,0,0,63,29,48,41,34,0,0,0,0,0,0,-133,-121,-124,-133,-119,-110,-107,-116,-124,0,0,0,0,0,0,0,0,0,0,0,0,0,0,0,0,0,0,0,0,0,0,0,0,0,0,0,0,0,0,0,0,0,0,0,0,0,0,0]} 1. e4 e5 2. Nf3 Nc6 3. Bb5 a6 4. Ba4 Nf6 5. O-O Be7 6. Re1 b5 7. Bb3 d6 8. c3 O-O 9. h3 Nb8 {[%cal Bc6b8,Bb8d7,Bd7b6][%mdl 32]} 10. d4 Nbd7 11. Nbd2 Bb7 12. Bc2 Re8 13. a4 c5 14. d5 {LiveBook: 60 Games} Nb6 {C95: Closed Ruy Lopez: Breyer Variation with 10 d4} (14... c4 15. b3 cxb3 16. Nxb3 Qc7 17. Be3 Nb6 18. Nbd2 Nfd7 19. axb5 {½-½ (19) Areshchenko,A (2678)-Efimenko,Z (2651) Rivne 2016}) 15. a5 Nbd7 16. c4 $146 ({Predecessor:} 16. Nf1 g6 17. N3h2 Bf8 18. Ng4 Nxg4 19. hxg4 Bg7 20. Re3 {1-0 (39) Ciganovic,N (2270)-Bursic,E (1995) Porec 2010}) 16... Bf8 {White is slightly better.} 17. Qe2 b4 18. g4 h5 19. Nh2 hxg4 20. hxg4 Nh7 21. Ndf3 Bc8 22. Ba4 Re7 23. Be3 Ndf6 24. Nd2 g6 25. Kg2 Raa7 26. Bc2 Re8 27. Ndf1 (27. Qf3 $16) 27... Be7 $11 28. Ng3 Nd7 29. Rh1 Bg5 30. Nf3 Bxe3 $1 31. Qxe3 Ndf8 $1 32. Ba4 Bd7 (32... Ree7 $11) 33. Bxd7 $14 Rxd7 34. g5 (34. Qc1 $14) 34... Rb7 (34... f6 $1 $11) 35. b3 f6 36. gxf6 Qxf6 (36... Nxf6 $11 37. Rag1 (37. Qh6 Rh7 $14) 37... Rg7) 37. Rh4 Rg7 38. Rah1 Qd8 39. Ra1 Ree7 40. Ng5 Rd7 41. Nf3 Rdf7 42. Rh3 {[#]} (42. Rah1 $11 {remains equal.}) 42... Rxf3 $1 $17 43. Qxf3 Ng5 44. Qe3 Nxh3 45. Kxh3 Nh7 46. Kg2 {[#]} Qg5 (46... Rf7 $1 $17 {And now ...Ng5 would win.} 47. Rf1 Rf4) 47. Qxg5 $11 {The position is equal.} Nxg5 {[%mdl 4096] Endgame KRN-KRN} 48. Rf1 Rf7 {Hoping for ...Rf3.} 49. f3 $1 Kf8 50. Ne2 Ke7 51. Nc1 Rf6 52. Nd3 Kd7 53. Rf2 Ke7 54. Kg3 Rf8 55. Kg4 Nh7 56. Rh2 Nf6+ 57. Kg5 Nh5 58. Rh3 Rf6 59. Kg4 Kf7 60. Rh1 Kg7 61. Rh3 Rf8 62. Rh1 Rh8 63. Kg5 {Threatens to win with f4.} Rf8 64. Kg4 Rh8 {White must now prevent ...Nf6+.} 65. Kg5 {Strongly threatening f4.} Rf8 {Precision: White = 59%, Black = 68%.} 1/2-1/2

[Event "RUS-ch Youth U21 Boys 2018"]
[Site "Loo"]
[Date "2018.04.21"]
[Round "2"]
[White "Paravyan, David"]
[Black "Khanin, Semen"]
[Result "1/2-1/2"]
[WhiteElo "2614"]
[BlackElo "2468"]
[Annotator "TA"]
[PlyCount "76"]
[EventDate "2018.??.??"]
[EventType "tourn"]
[EventCountry "RUS"]
[SourceTitle "playchess.com"]
[Source "ChessBase"]
[SourceQuality "1"]

{[%evp 9,76,19,22,22,23,18,22,19,22,20,24,16,21,8,20,16,8,13,13,7,9,2,2,7,11,-18,-16,-25,-14,-33,-31,-33,-20,-20,-14,-18,-8,-16,-5,-64,-58,-54,-54,-41,0,0,0,0,0,0,0,0,0,0,0,0,0,0,0,0,0,0,0,0,0,0,0,0,0]} 1. d4 Nf6 2. c4 e6 3. Nf3 a6 4. Bf4 (4. Bg5 h6 5. Bh4 g5 6. Bg3 Nh5 7. Be5 f6 8. Bg3 f5 9. e3 d6 10. Nc3 Bg7 11. Qc2 Nc6 12. d5 {½-½ (88) Grischuk,A (2772)-Andreikin,D (2712) Huaian 2017}) 4... d5 5. c5 $146 ({Predecessor:} 5. e3 Nbd7 6. Nc3 Be7 7. h3 O-O 8. c5 c6 9. Bd3 b6 10. b4 a5 11. a3 Ba6 12. b5 Bb7 13. bxc6 Bxc6 14. cxb6 Nxb6 15. O-O Ne4 16. Qc2 f5 17. Nxe4 {½-½ (99) Khodorov,A (2136)-Neves,P (2172) Caldas da Rainha 2014}) 5... b6 6. cxb6 {E10: Blumenfeld Gambit} cxb6 7. e3 Bd6 8. Bd3 O-O 9. O-O Bb7 10. a3 Qe7 11. Ne5 Nbd7 12. Nd2 Ne4 13. Rc1 Rfc8 14. Bxe4 dxe4 15. Ndc4 {[#] Nxd7 is the strong threat.} Bxe5 16. dxe5 Bd5 17. Qd4 Qc5 {Threatens to win with ...Qxd4.} 18. Qxc5 bxc5 19. f3 exf3 20. gxf3 Bxc4 21. Rxc4 Rab8 22. Rc2 Kf8 23. Rd1 Ke8 24. b4 (24. h4 $11) 24... cxb4 $15 25. Rxc8+ Rxc8 26. axb4 {[%mdl 4096] Endgame KRB-KRN} Rc4 27. Rd6 $1 {The position is equal.} Rxb4 {Strongly threatening ...Rb6.} 28. Rxa6 h6 29. h4 Rb5 30. Ra8+ Ke7 31. Ra7 Ke8 32. Ra8+ $1 Ke7 33. Ra7 Ke8 34. Ra8+ $1 Ke7 35. Ra7 Ke8 36. Ra8+ $1 Ke7 37. Ra7 Ke8 38. Ra8+ $1 Ke7 {Precision: White = 74%, Black = 63%.} 1/2-1/2

[Event "RUS-ch Youth U21 Boys 2018"]
[Site "Loo"]
[Date "2018.04.21"]
[Round "2"]
[White "Triapishko, Alexandr"]
[Black "Vavulin, Maksim"]
[Result "1/2-1/2"]
[WhiteElo "2509"]
[BlackElo "2569"]
[Annotator "TA"]
[PlyCount "241"]
[EventDate "2018.??.??"]
[EventType "tourn"]
[EventCountry "RUS"]
[SourceTitle "playchess.com"]
[Source "ChessBase"]
[SourceQuality "1"]

{[%evp 18,241,21,15,40,36,48,57,93,83,118,113,122,97,113,108,170,166,193,195,169,113,91,93,106,110,104,96,93,91,85,85,121,124,122,115,231,139,158,5,14,14,16,13,19,21,76,73,98,104,109,43,81,74,68,0,76,81,77,72,77,80,68,69,87,89,57,65,103,102,93,93,114,122,107,106,99,94,178,170,167,167,165,156,159,164,170,164,162,175,187,185,173,186,186,187,163,0,177,177,208,185,212,168,195,183,236,187,181,108,236,245,253,230,214,206,206,190,198,199,254,215,223,198,190,0,201,75,99,86,86,93,98,93,90,91,106,120,114,44,155,25,25,20,20,8,8,8,8,8,20,8,8,8,8,8,25,25,25,25,531,527,519,493,514,471,590,590,590,590,590,590,590,590,590,590,590,590,590,590,590,590,590,590,590,590,590,590,590,590,590,590,590,590,590,590,590,590,590,590,590,590,590,590,590,590,590,590,590,590,590,590,590,590,590,590,590,590,590,590,590,590,590,590,590,590]} 1. e4 e5 2. Bc4 Nf6 3. d3 c6 4. Nf3 d5 5. Bb3 a5 6. a4 {C24: Bishop's Opening: 2...Nf6} Bb4+ 7. c3 Bd6 8. exd5 (8. Bg5 dxe4 9. dxe4 h6 10. Bh4 O-O 11. O-O Na6 12. Nbd2 Qe7 13. Nc4 Bc7 {½-½ (30) Karjakin,S (2760)-Wei,Y (2739) Medias 2017}) 8... cxd5 9. Bg5 Be6 10. Na3 {LiveBook: 6 Games} Nc6 11. Nb5 Be7 12. O-O h6 $146 ({Predecessor:} 12... Ng4 13. Bxe7 Qxe7 {1-0 (38) Barua,D (2479)-Rej,T (2348) Parramatta 2010}) 13. Bh4 $1 {[%cal Bg5h4,Bh4g3,Bg3c7,Bc7d6,Bd6f8][%mdl 32]} Nd7 14. Bg3 O-O 15. Re1 $1 Bf6 16. d4 e4 (16... exd4 $16 17. Nfxd4 (17. Nbxd4 Nc5 $16) (17. cxd4 Rc8 $16) 17... Nxd4) 17. Nd2 $18 Ne7 18. Bc7 Qc8 19. Rc1 (19. c4 $18) 19... Bg5 $16 20. c4 {Hoping for cxd5.} Nf6 21. cxd5 Bxd5 22. Bd6 Qe6 23. Bxd5 Nexd5 24. Bxf8 e3 25. Nc4 exf2+ 26. Kxf2 Bh4+ (26... Ne4+ $16 27. Kg1 Bxc1) 27. Kg1 Bxe1 28. Qxe1 $2 (28. Bxg7 $1 $16 Bf2+ 29. Kxf2 Kxg7 30. Qf3) 28... Qxe1+ $11 29. Rxe1 {Bd6 is the strong threat.} Kxf8 30. Nbd6 b6 31. Ne5 Ra7 (31... Rd8 $11 {remains equal.} 32. Ndxf7 Rc8) 32. Rc1 $16 Rc7 33. Rxc7 Nxc7 34. Ndxf7 {[%mdl 4096] Endgame KNN-KNN} (34. Kf2 $16) 34... Ne6 35. Nd6 Nxd4 36. Ndc4 ({White should try} 36. Ng6+ $14 Kg8 37. Ne7+ Kf8 38. Nec8) 36... b5 (36... Nd5 $11) 37. axb5 Nxb5 38. Nxa5 Ke7 39. Nac4 Ke6 40. Nf3 Kd5 41. Ne3+ Ke4 42. Kf2 Nh5 43. g3 Nf6 44. Ke2 g6 45. Nd2+ Kd4 46. Nc2+ Ke5 47. Kd3 h5 (47... Ng4 $16) 48. Nf3+ $18 Kd6 49. Ne3 Nc7 50. Nc4+ Kd5 51. b4 Ne6 52. Ne3+ Kd6 53. Nd2 Nd7 54. Ne4+ Ke5 55. Nc3 g5 56. Nc4+ Kf5 57. Ne3+ Ke5 58. Ne2 Nf6 59. Nc4+ Kd5 60. Nc3+ $1 Kc6 61. Ne3 g4 (61... h4 $142 62. Kc4 hxg3 63. hxg3 Nd7) 62. Ne4 Nd7 {[#]} 63. Nc4 (63. Nc2 $1 $18) 63... Ndf8 (63... Kb5 $16) 64. Nf6 Ng7 65. Nd2 Kb5 66. Kc3 Ng6 67. Nb3 Kc6 68. Nd4+ Kd6 69. b5 Kc5 70. Ne4+ Kb6 71. Nf6 Kc5 $1 72. Kd3 (72. Nd7+ $18 {is the precise move to win.} Kd6 73. Nb6) 72... Ne5+ 73. Ke4 Nc4 74. Nd7+ Kd6 75. Kd3 Nb2+ 76. Kc3 Nd1+ 77. Kd2 Nb2 {[#]} 78. Nf8 ({White should play} 78. Kc2 $1 $16) 78... Nc4+ (78... Kc5 $14 79. Nde6+ Nxe6 80. Nxe6+ Kxb5) 79. Ke2 (79. Kc3 $16 Ne5 80. b6) 79... Kd5 $11 80. Nc2 {Threatens to win with Ne3+.} Kc5 81. Nd7+ Kxb5 82. Nd4+ Kb4 83. Kd3 Nd6 84. Nf6 Nf7 85. Ke4 Kc5 86. Nf5 Ng5+ 87. Kf4 N7e6+ $1 88. Ke5 Nf3+ $2 {[%mdl 8192]} (88... Nc7 $11 {and Black stays safe.}) 89. Kxe6 $18 {White is clearly winning.} Nxh2 90. Nxh5 Nf1 91. Ke5 Nxg3 92. Nhxg3 ({Not} 92. Nfxg3 Kc4 $14) 92... Kc4 93. Kd6 Kd3 94. Kd5 Kc3 95. Kc5 Kd3 96. Kb4 Kd2 97. Kc4 Kc2 98. Ne3+ Kd2 99. Kd4 Ke1 100. Kd3 Kf2 101. Nef5 Kf3 102. Kc3 Kf2 103. Kd2 Kf3 104. Kd3 Kf4 105. Ke2 Ke5 106. Ke3 Kd5 107. Kf4 Kc4 108. Ke4 Kc3 109. Nd6 Kd2 110. Kd4 Kc2 111. Nde4 Kb3 112. Kc5 Ka4 113. Kc4 Ka5 114. Nc3 Kb6 115. Kd5 Kc7 116. Na4 Kd7 117. Nb6+ Ke7 118. Ke5 Kf7 119. Nd5 Kg6 120. Kf4 Kg7 121. Ke4 {[%mdl 32768] Precision: White = 61%, Black = 53%. . An unexpected result.} 1/2-1/2

[Event "RUS-ch Youth U21 Boys 2018"]
[Site "Loo"]
[Date "2018.04.21"]
[Round "2"]
[White "Drygalov, Andrey"]
[Black "Sarana, Alexey"]
[Result "1/2-1/2"]
[WhiteElo "2434"]
[BlackElo "2556"]
[Annotator "TA"]
[PlyCount "81"]
[EventDate "2018.??.??"]
[EventType "tourn"]
[EventCountry "RUS"]
[SourceTitle "playchess.com"]
[Source "ChessBase"]
[SourceQuality "1"]

{[%evp 19,81,0,5,5,27,31,34,22,20,19,55,55,63,62,63,64,65,50,57,58,58,58,60,57,58,58,54,57,62,43,44,43,45,36,36,36,37,37,43,38,42,37,37,37,37,37,37,37,40,31,39,39,45,45,45,24,24,0,20,0,20,0,16,0]} 1. e4 c5 2. Nf3 d6 3. d4 cxd4 4. Nxd4 Nf6 5. Nc3 a6 6. Be2 e5 7. Nf3 Be7 8. Bg5 Be6 9. Bxf6 Bxf6 10. O-O O-O {LiveBook: 11 Games} 11. Qd2 {B92: Sicilian Najdorf: 6 Be2} Nc6 12. Nd5 Bxd5 13. Qxd5 {White is slightly better.} Qb6 14. Qb3 Qxb3 15. axb3 {[#]} Nd4 $146 ({Find the theoretical novelty and annotate with similar games:} 15... d5 16. exd5 Nb4 17. c3 Nxd5 18. Bd3 Rad8 {½-½ (47) Kanmazalp,O (2458)-Belov,V (2614) Izmir 2018}) 16. Nxd4 exd4 17. Bd3 Rac8 18. b4 Rc6 19. b5 axb5 20. Ra5 Rb6 21. Rxb5 Rxb5 22. Bxb5 $14 {[%mdl 4096] Endgame KRB-KRB} Ra8 23. Bd3 Ra2 24. b3 Bd8 25. g3 Ba5 26. Kg2 Bc3 27. Kf3 Kf8 28. Ke2 Ke7 29. f4 f6 30. e5 dxe5 31. fxe5 fxe5 32. Bxh7 Ra1 33. Rxa1 Bxa1 {KB-KB} 34. Kf3 Bc3 35. Bd3 Bb4 36. Ke4 Ke6 37. Bc4+ Kf6 $1 38. Bd3 Ke6 {The position is equal.} 39. Bc4+ Kf6 $1 40. Bd3 Ke6 41. Bc4+ {Precision: White = 66%, Black = 70%.} 1/2-1/2